Départements et Préfectures Françaises - Statistiques

Statistiques générales
  • Ce quiz a été pris 887 fois
  • Le résultat moyen est 131 sur 202
Statistiques - réponses
Drapeau Type de quiz Réponse % Correct
1 Département Ain
99%
2 Département Aisne
94%
3 Département Allier
88%
6 Département Alpes Maritimes
83%
13 Département Bouches-du-Rhône
82%
5 Département Hautes-Alpes
81%
4 Département Alpes-de-Haute-Provence
80%
7 Département Ardèche
80%
2A Département Corse-du-Sud
80%
13 Préfecture Marseille
80%
6 Préfecture Nice
80%
2A Préfecture Ajaccio
79%
10 Département Aube
79%
11 Département Aude
79%
2B Département Haute-Corse
79%
8 Département Ardennes
78%
9 Département Ariège
78%
12 Département Aveyron
78%
2B Préfecture Bastia
78%
1 Préfecture Bourg-en-Bresse
78%
14 Département Calvados
78%
16 Département Charente
78%
17 Département Charente-Maritime
77%
15 Département Cantal
76%
19 Département Corrèze
76%
18 Département Cher
74%
21 Département Côte-d'Or
74%
22 Département Côtes-d'Armor
74%
14 Préfecture Caen
73%
29 Département Finistère
73%
33 Département Gironde
73%
34 Département Hérault
73%
38 Département Isère
73%
17 Préfecture La Rochelle
73%
75 Département Paris
73%
33 Préfecture Bordeaux
72%
5 Préfecture Gap
72%
30 Département Gard
72%
32 Département Gers
72%
31 Département Haute-Garonne
72%
36 Département Indre
72%
37 Département Indre-et-Loire
72%
2 Préfecture Laon
72%
42 Département Loire
72%
75 Préfecture Paris
72%
69 Département Rhône
72%
24 Département Dordogne
71%
25 Département Doubs
71%
26 Département Drôme
71%
27 Département Eure
71%
35 Département Ille-et-Vilaine
71%
44 Département Loire-Atlantique
71%
34 Préfecture Montpellier
71%
21 Préfecture Dijon
70%
28 Département Eure-et-Loir
70%
39 Département Jura
70%
40 Département Landes
70%
45 Département Loiret
70%
69 Préfecture Lyon
70%
59 Département Nord
70%
31 Préfecture Toulouse
70%
23 Département Creuse
69%
43 Département Haute-Loire
69%
50 Département Manche
69%
51 Département Marne
69%
3 Préfecture Moulins
69%
29 Préfecture Quimper
69%
83 Département Var
69%
67 Département Bas-Rhin
68%
74 Département Haute-Savoie
68%
68 Département Haut-Rhin
68%
44 Préfecture Nantes
68%
60 Département Oise
68%
35 Préfecture Rennes
68%
73 Département Savoie
68%
93 Département Seine-Saint-Denis
68%
38 Préfecture Grenoble
67%
65 Département Hautes-Pyrénées
67%
59 Préfecture Lille
67%
55 Département Meuse
67%
58 Département Nièvre
67%
64 Département Pyrénées-Atlantiques
67%
66 Département Pyrénées-Orientales
67%
84 Département Vaucluse
67%
11 Préfecture Carcassonne
66%
971 Département Guadeloupe
66%
973 Département Guyane
66%
52 Département Haute-Marne
66%
92 Département Hauts-de-Seine
66%
974 Département La Réunion
66%
46 Département Lot
66%
972 Département Martinique
66%
53 Département Mayenne
66%
54 Département Meurthe-et-Moselle
66%
62 Département Pas-de-Calais
66%
7 Préfecture Privas
66%
77 Département Seine-et-Marne
66%
76 Département Seine-Maritime
66%
67 Préfecture Strasbourg
66%
10 Préfecture Troyes
66%
8 Préfecture Charleville-Mézières
65%
91 Département Essonne
65%
41 Département Loir-et-Cher
65%
47 Département Lot-et-Garonne
65%
48 Département Lozére
65%
49 Département Maine-et-Loire
65%
56 Département Morbihan
65%
30 Préfecture Nîmes
65%
61 Département Orne
65%
63 Département Puy-de-Dôme
65%
42 Préfecture Saint-Étienne
65%
72 Département Sarthe
65%
81 Département Tarn
65%
82 Département Tarn-et-Garonne
65%
94 Département Val-de-Marne
65%
78 Département Yvelines
65%
976 Département Mayotte
64%
57 Département Moselle
64%
71 Département Saône-et-Loire
64%
90 Département Territoire de Belfort
64%
19 Préfecture Tulle
64%
95 Département Val-d'Oise
64%
86 Département Vienne
64%
87 Département Haute-Vienne
63%
45 Préfecture Orléans
63%
22 Préfecture Saint-Brieuc
63%
80 Département Somme
63%
85 Département Vendée
63%
89 Département Yonne
63%
90 Préfecture Belfort
62%
9 Préfecture Foix
62%
70 Département Haute-Saône
62%
12 Préfecture Rodez
62%
83 Préfecture Toulon
62%
26 Préfecture Valence
62%
88 Département Vosges
62%
16 Préfecture Angoulême
61%
74 Préfecture Annecy
61%
63 Préfecture Clermont-Ferrand
61%
68 Préfecture Colmar
61%
4 Préfecture Digne-Les-Bains
61%
64 Préfecture Pau
61%
76 Préfecture Rouen
61%
15 Préfecture Aurillac
60%
73 Préfecture Chambéry
60%
72 Préfecture Le Mans
60%
40 Préfecture Mont-de-Marsan
60%
66 Préfecture Perpignan
60%
37 Préfecture Tours
60%
78 Préfecture Versailles
60%
84 Préfecture Avignon
59%
25 Préfecture Besançon
59%
80 Préfecture Amiens
58%
49 Préfecture Angers
58%
57 Préfecture Metz
58%
54 Préfecture Nancy
58%
974 Préfecture Saint-Denis
58%
50 Préfecture Saint-Lô
58%
56 Préfecture Vannes
58%
24 Préfecture Périgueux
57%
62 Préfecture Arras
56%
60 Préfecture Beauvais
56%
18 Préfecture Bourges
56%
973 Préfecture Cayenne
56%
79 Département Deux-Sèvres
56%
58 Préfecture Nevers
56%
32 Préfecture Auch
55%
27 Préfecture Évreux
55%
85 Préfecture La Roche-sur-Yon
55%
86 Préfecture Poitiers
55%
89 Préfecture Auxerre
54%
972 Préfecture Fort-de-France
54%
53 Préfecture Laval
54%
36 Préfecture Chateauroux
53%
23 Préfecture Guéret
53%
87 Préfecture Limoges
53%
39 Préfecture Lons-le-Saunier
53%
28 Préfecture Chartres
52%
92 Préfecture Nanterre
52%
976 Préfecture Mamoudzou
51%
65 Préfecture Tarbes
51%
41 Préfecture Blois
50%
88 Préfecture Épinal
50%
91 Préfecture Évry-Courcouronnes
50%
43 Préfecture Le Puy-en-Velay
50%
79 Préfecture Niort
50%
47 Préfecture Agen
49%
71 Préfecture Macon
49%
77 Préfecture Melun
49%
61 Préfecture Alençon
48%
55 Préfecture Bar-le-Duc
48%
93 Préfecture Bobigny
48%
51 Préfecture Châlons-en-Champagne
48%
971 Préfecture Basse-Terre
47%
94 Préfecture Créteil
47%
48 Préfecture Mende
47%
81 Préfecture Albi
46%
46 Préfecture Cahors
46%
52 Préfecture Chaumont
43%
82 Préfecture Montauban
43%
70 Préfecture Vesoul
41%
95 Préfecture Pontoise
38%
Aucun quiz correspondant
Distribution des résultats
% des personnes avec chaque résultat
Percentile par nombre de réponses
Votre historique - résultats
Vous n’avez pas pris ce quiz